| 000 | 00898nam a2200265 i 4500 | ||
|---|---|---|---|
| 001 | 106159 | ||
| 003 | ES-MaACL | ||
| 005 | 20230906184053.0 | ||
| 007 | t| | ||
| 008 | 061004s1977 sp ||||1| spa d | ||
| 020 | _a84-85277-18X-X | ||
| 080 | _a669.1:331.892(467.11 Sabadell) | ||
| 080 | _a331.892(467.11 Sabadell):669.1 | ||
| 100 | 1 |
_aFábregas, Diego. _948552 |
|
| 245 | 1 | 3 |
_aLa huelga y la reforma _b: Sabadell, metal, otoño 76 / _cDiego Fábregas y Dionisio Giménez. |
| 260 |
_aMadrid : _bEdiciones de la Torre, _c[1977] |
||
| 300 |
_a53 p. : _bil. ; _c23 cm. |
||
| 490 | 1 |
_aLa huelga ; _v3 |
|
| 500 | _aBiblioteca Juan Andrade. | ||
| 650 | 1 | 4 |
_aTrabajadores de la industria siderúrgica- _xHuelgas- _ySabadell. _9215581 |
| 700 | 1 |
_aGiménez Plaza, Dionisio. _957061 |
|
| 830 | 0 |
_aLa huelga ; _v3 _9185175 |
|
| 852 |
_aES-MaACL _jAND-Fol-27 _bR.110412 |
||
| 999 |
_c106159 _d106159 |
||